000
00229 a2200097 4500
001
30157
100
_a
Elton Oliver
245
_a
A survey of English Literature
260
_a
London
_b
Edward Arnold & Co
_c
090
_c
20100
_d
20100
942
_a
NUST-CAE
_c
M
_c
11227
999
_c
265230
_d
265230